Statistics for Poland Country Quiz

Click here to take the quiz!

General Stats

  • This quiz has been taken 9,678 times
  • The average score is 10 of 20

Answer Stats

Hint Answer % Correct
Capital cityWarsaw
98%
Second biggest city / former capitalKraków
83%
Sea to the north of PolandBaltic Sea
77%
The only Polish popeJohn Paul II
75%
Name of Poland in PolishPolska
74%
Radiation researcher
and first female Nobelist
Marie Curie
73%
Former free city
known to Germans as Danzig
Gdańsk
70%
CurrencyZłoty
57%
Piano virtuoso and
"Minute Waltz" composer
Frédéric Chopin
54%
Creator of the heliocentric modelNicolaus Copernicus
53%
Leader of the above and
President of Poland from 1990-95
Lech Wałęsa
47%
Polish stuffed dumplingPierogi
44%
Fugitive filmmaker of "The Pianist"Roman Polanski
44%
Longest riverVistula
40%
Main city of Upper SilesiaKatowice
36%
River at the German/Polish borderOder
35%
Trade union that resisted the SovietsSolidarity
33%
Donut eaten on the
last Thursday before Lent
Pączki
18%
Last kingStanisław II August
17%
Wild cattle that went extinct in 1627Aurochs
10%

Score Distribution

Percentile by Number Answered

Percent of People with Each Score

Your Score History

You have not taken this quiz